<?xml version="1.0" encoding="UTF-8"?>
<marc:record xmlns:marc="http://www.loc.gov/MARC21/slim">
   <marc:leader>00000nam a2200000 a 4500</marc:leader>
   <marc:datafield ind1="1" ind2=" " tag="100">
      <marc:subfield code="a">Komarek, Alfred</marc:subfield>
      <marc:subfield code="4">aut</marc:subfield>
      <marc:subfield code="e">Verfasser/-in</marc:subfield>
   </marc:datafield>
   <marc:datafield ind1=" " ind2=" " tag="653">
      <marc:subfield code="a">Österreichischer Autor</marc:subfield>
   </marc:datafield>
   <marc:datafield ind1="0" ind2="0" tag="245">
      <marc:subfield code="a">Polt.</marc:subfield>
   </marc:datafield>
   <marc:datafield ind1="0" ind2="0" tag="245">
      <marc:subfield code="b">Kriminalroman</marc:subfield>
   </marc:datafield>
   <marc:datafield ind1="0" ind2="0" tag="245">
      <marc:subfield code="c">Alfred Komarek</marc:subfield>
   </marc:datafield>
   <marc:datafield ind1=" " ind2="1" tag="264">
      <marc:subfield code="a">Innsbruck</marc:subfield>
      <marc:subfield code="b">Haymon Verlag</marc:subfield>
      <marc:subfield code="c">2009</marc:subfield>
   </marc:datafield>
   <marc:datafield ind1="1" ind2=" " tag="520">
      <marc:subfield code="a">Für Simon Polt, Gendarmerieinspektor im frei gewählten Ruhestand, hat sich viel geändert: Beruflich geht er neue Wege, und die gemeinsame Zukunft mit seiner Langzeitfreundin Karin Walter erscheint unvermutet in einem völlig neuen Licht. Zur Polizei, die nunmehr über die kleinen Dörfer im Wiesbachtal wacht, hat Polt kaum noch Kontakt &#x96; nur mit Norbert Sailer ist er befreundet, einem Ordnungshüter ganz nach seinem Geschmack. Doch die Leiche eines Fremden bringt Simon Polts ruhig gewordene Welt gründlich durcheinander: Niemand will den Toten gekannt haben, aber einige scheinen doch mehr von ihm zu wissen, als sie der Polizei gegenüber zugeben wollen ... Vor der vertrauten Kulisse der Weinviertler Kellergassen entfaltet Alfred Komarek einen Kriminalroman voller Spannung, psychologischer Raffinesse und hintergründigem Humor &#x96; ein fulminanter Auftritt von Simon Polt. (Verlagstext)</marc:subfield>
   </marc:datafield>
   <marc:datafield ind1=" " ind2=" " tag="020">
      <marc:subfield code="a">9783852186047</marc:subfield>
      <marc:subfield code="9">9783852186047</marc:subfield>
   </marc:datafield>
   <marc:datafield ind1=" " ind2=" " tag="020">
      <marc:subfield code="a">3852186048</marc:subfield>
      <marc:subfield code="9">3852186048</marc:subfield>
   </marc:datafield>
   <marc:datafield ind1=" " ind2=" " tag="300">
      <marc:subfield code="a">167 S.</marc:subfield>
   </marc:datafield>
</marc:record>
